000 00320nam a2200145Ia 4500
100 _aMontgomery/ John
942 _cBK
654 _aComputer
245 _aThe Underground guide to unix
260 _bAddison Wesley Pub
_aReading
_c1995
082 _a5.43
_bMON
300 _a343
546 _aENGLISH
999 _c28600
_d28600